000
00296nam a2200109Ia 4500
008
201224s9999 xx 000 0 und d
100
_a
Jones, Steve (Ed.)
245
4
_a
The Cambridge Encyclopedia of Human Evolution
260
_a
Melborne
_b
Cambridge University Press
300
_a
506
942
_c
BK
999
_c
8952
_d
8952